000 01330nam a22001937a 4500
999 _c59471
_d59471
003 Ge_BSU
005 20230227111516.0
008 230227s2005 ge ||||| |||| 00| 0 geo d
041 _ageo
080 _a343.431 ა-26
245 _aადამიანებით ვაჭრობის (ტრეფიკინგის) შესახებ /
_cრედაქტორი ხათუნა ყვირალაშვილი.
264 _aთბილისი :
_bახალგაზრდა იურისტთა ასოციაცია,
_c2005.
300 _a60 გვ. ;
_b20 სმ.
490 _aჩვენი უფლებები: უცხოეთში წამსვლელთათვის
500 _aტექსტი ქართულ და რუსულ ენებზე. ბროშურა გამოცემულია აშშ-ის საერთაშორისო განვითარების სააგენტოს (USAID) და IRIS - საქართველოს ფინანსური მხარდაჭერით.
653 _aადამიანებით ვაჭრობა.
700 _aყვირალაშვილი, ხათუნა
_eრედაქტორი.
_917046
942 _2udc
_cBK